00352nam a22001337a 4500020001800000040000900018082001400027100002400041110003800065245002800103250001700131260004200148650002800190 a9789332500334 cNUST a658.3 ROB aRobbins, Stephen P. aJudge, Timothy A. Vohra, Neharika aOrganizational Behavior a15th Edition aNew Delhi:bPearson Education,c2014. aOrganizational Behavior